Jouons au Scrabble avec le mot Scrabble - Statistiques

Statistiques générales
  • Ce quiz a été pris 67 fois
    63 depuis la dernière actualisation
  • Le résultat moyen est 68 sur 163
Statistiques - réponses
Points mot % Correct
2 le
98%
2 sa
98%
5 bal
96%
5 bel
96%
4 ba
94%
4 ca
94%
2 la
94%
2 ra
94%
5 bar
91%
4 be
91%
9 crabe
89%
2 se
89%
5 bas
85%
3 les
85%
4 ce
83%
10 crabes
81%
5 rab
81%
5 car
80%
5 sac
80%
7 sable
78%
3 ras
76%
6 bars
74%
5 ble
74%
7 cab
74%
7 bac
72%
6 bras
72%
3 las
72%
2 re
72%
3 sal
72%
3 sel
72%
9 cable
70%
5 cal
70%
5 cas
67%
6 base
65%
10 cables
65%
6 bale
63%
2 es
63%
5 lac
63%
4 sale
61%
2 as
59%
8 abbe
57%
6 cale
57%
4 rale
57%
14 scrabble
57%
8 bacs
56%
6 bals
56%
7 cales
56%
5 ces
56%
7 rable
56%
4 rase
56%
7 brase
54%
6 cars
54%
6 lacs
52%
5 rac
52%
4 reas
52%
9 barbe
50%
3 sar
48%
5 sec
48%
9 abbes
46%
3 are
46%
7 bales
46%
10 barbes
46%
6 beas
46%
6 bles
46%
8 rables
46%
6 bels
44%
3 ale
43%
7 bec
43%
6 bela
43%
6 case
43%
5 cre
43%
8 sabler
43%
5 arc
41%
8 cabs
41%
7 caler
41%
5 rales
41%
9 bacle
39%
7 baser
39%
10 cabler
39%
6 race
39%
5 ber
37%
6 lace
37%
7 laces
37%
6 rabs
37%
7 sabre
37%
7 sacre
37%
4 ales
33%
6 arcs
33%
4 ares
33%
5 bea
33%
9 labbe
33%
7 races
33%
6 reac
33%
10 bacler
31%
10 bacles
31%
8 becs
31%
7 blase
31%
6 cela
31%
6 rabe
31%
4 sera
31%
6 acre
30%
7 acres
30%
7 belas
30%
7 caser
30%
5 laser
30%
3 rea
30%
5 saler
30%
6 cals
28%
7 crase
28%
7 lacer
28%
4 real
28%
5 ace
26%
3 ase
26%
5 cle
26%
8 blaser
24%
7 creas
24%
9 babel
22%
10 labbes
22%
7 rabes
22%
3 ars
20%
6 crea
20%
4 lare
20%
4 resa
20%
6 aces
19%
6 bers
19%
6 cles
19%
7 reacs
19%
9 cabre
17%
10 cabres
17%
6 able
15%
10 babels
15%
7 celas
15%
3 ers
15%
4 lesa
15%
7 racle
15%
8 racles
15%
5 reals
15%
9 berca
13%
5 lares
13%
7 ables
11%
7 brela
11%
6 aber
9%
10 bercas
9%
8 brelas
9%
7 labre
9%
7 abers
7%
6 cers
7%
8 labres
7%
8 sarcle
7%
7 scare
7%
12 barbec
6%
13 barbecs
6%
9 abces
4%
6 arec
4%
7 arecs
4%
6 baes
4%
7 blesa
4%
9 clebs
2%
7 serac
2%
7 cesar
0%
9 rebab
0%
10 rebabs
0%
Aucun quiz correspondant
Distribution des résultats
% des personnes avec chaque résultat
Percentile par nombre de réponses
Votre historique - résultats
Vous n’avez pas pris ce quiz depuis la dernière actualisation